000 00437nam a2200157Ia 4500
008 230917s9999||||xx |||||||||||||| ||und||
040 _e114259
_aMAIN
041 _aEnglish
082 _a620.11 A32E
100 _aAshby, Michael F
245 0 _aEngineering materials 2: An introduction to microstructures, processing and design
250 _a3rd ed.
260 _aAmsterdam
_bElsevier
_c2006
300 _axiii, 451 p.
942 _cBK
999 _c141256
_d141256